| 000 | 00877nas a2200289 4500 | ||
|---|---|---|---|
| 001 | BR0200390 | ||
| 003 | BR-BrBNA | ||
| 005 | 20231205102646.0 | ||
| 007 | ta | ||
| 008 | 230509b bl.|||p| |||| 00| 00por d | ||
| 040 |
_aBR-BrBNA _bpor _cBiblioteca Nacional de Agricultura |
||
| 041 | _a(Pt) | ||
| 072 | _aP35 | ||
| 100 | 1 | _aVidal, M.de F. | |
| 100 | 1 | _aRomero, R.E. | |
| 100 | 1 | _aOliveira, T.S. de | |
| 245 | 1 | _aImobilização de nutrientes e produção de matéria seca em condições de salinidade e sodicidade crescentes no solo | |
| 650 | _aSOLO SALINO | ||
| 650 | _aSÓDIO | ||
| 650 | _aSORGO GRANÍFERO | ||
| 650 | _aLEUCAENA | ||
| 650 | _aMATÉRIA SECA | ||
| 650 | _aNUTRIENTE | ||
| 773 | 0 |
_tRevista Ceres (Brazil) _xISSN 0034-737X _g(Jul-Aug 2000), v. 47(272) p. 363-373 _wBR0200390 |
|
| 909 |
_a202311 _bLúcia _c55 _dLúcia Elande |
||
| 942 |
_2AGRIS _n0 _cANA |
||
| 999 |
_c168664 _d168664 |
||